000 nam a22 a 4500
999 _c1489
_d1489
003 AKMAL
005 20170509161508.0
008 170509s2009 my e 001 0 may d
020 _a9789835207136 (kkrs.) :
_cRM39.00
020 _a9789835207129 (kkt.) :
_cRM39.00
039 9 _a201212271433
_bmanoriah
_c201111011516
_dzuraidahs
_c201008131056
_diliza
_c201008131053
_diliza
040 _aAKMAL
_cAKMAL
049 _aklpmal
082 0 4 _a306.42 ZAI
_222
090 0 0 _a306.42
_bZAI
090 2 0 _a306.42
_bZAI
100 0 _aZaini Ujang,
_cDato',
_d1965-
_92960
245 0 0 _aMenghayati budaya ilmu :
_bfaham ilmu, amalan dan panduan /
_cZaini Ujang
250 _aEd. ke-2
260 _aSkudai, Johor :
_bPenerbit Universiti Teknologi Malaysia,
_c2009
300 _axviii, 155ms. ;
_c24cm.
500 _aMengandungi indeks
504 _aBibliografi: ms. 145
650 1 0 _aKnowledge, Sociology of
_9830
650 2 0 _aKnowledge, Theory of
_zMalaysia
_9466
650 2 0 _aKnowledge, Theory of (Islam)
_9832
942 _2ddc
_cBOOK